| 000 | 00811nam a2200229 a 4500 | ||
|---|---|---|---|
| 001 | 000047797 | ||
| 005 | 20201002060737.0 | ||
| 008 | 180810s2018 dr ac r 000 0 spa d | ||
| 020 | _a9789945125870 (teacher's book) | ||
| 020 | _z9789945125801 (students book) | ||
| 020 | _z9789945125825 (workbook) | ||
| 040 |
_aDO-SdBNP _bspa _cBNPHU |
||
| 082 |
_axxxx _bA452e |
||
| 100 | 1 |
_aAlmonte Jiménez, Yahaira _975383 |
|
| 245 | 1 | 0 |
_aEnglish 6 : _b6th grade of secondary school / _cYahaira Almonte Jiménez ; ilustrations Billi J. Cena. |
| 260 |
_aSanto Domingo : _bSusaeta, _c2018. |
||
| 300 |
_av. : _bil., retrs. ; _c30 cm. |
||
| 500 | _aNew curriculum design | ||
| 505 | 0 |
_gv.1. _tteacher's book _gv.2. _tstudents book _gv.3. _tworkbook |
|
| 590 | _aInventariado, 2018/LP | ||
| 700 | 1 |
_aCena, Billi J., _eil. _975361 |
|
| 999 |
_c47285 _d47285 |
||